<?xml version="1.0" encoding="UTF-8"?><?xml-stylesheet type="text/xsl" href="static/style.xsl"?><OAI-PMH xmlns="http://www.openarchives.org/OAI/2.0/" xmlns:xsi="http://www.w3.org/2001/XMLSchema-instance" xsi:schemaLocation="http://www.openarchives.org/OAI/2.0/ http://www.openarchives.org/OAI/2.0/OAI-PMH.xsd"><responseDate>2026-06-02T10:58:48Z</responseDate><request verb="GetRecord" identifier="oai:riuma.uma.es:10630/25644" metadataPrefix="marc">https://riuma.uma.es/rest/oai/request</request><GetRecord><record><header><identifier>oai:riuma.uma.es:10630/25644</identifier><datestamp>2026-02-03T10:15:34Z</datestamp><setSpec>com_10630_1685</setSpec><setSpec>col_10630_38084</setSpec></header><metadata><record xmlns="http://www.loc.gov/MARC21/slim" xmlns:dcterms="http://purl.org/dc/terms/" xmlns:doc="http://www.lyncode.com/xoai" xmlns:xsi="http://www.w3.org/2001/XMLSchema-instance" xsi:schemaLocation="http://www.loc.gov/MARC21/slim http://www.loc.gov/standards/marcxml/schema/MARC21slim.xsd">
   <leader>00925njm 22002777a 4500</leader>
   <datafield ind2=" " ind1=" " tag="042">
      <subfield code="a">dc</subfield>
   </datafield>
   <datafield ind2=" " ind1=" " tag="720">
      <subfield code="a">Fernández-Morales, Antonio</subfield>
      <subfield code="e">author</subfield>
   </datafield>
   <datafield ind2=" " ind1=" " tag="260">
      <subfield code="c">2022-12</subfield>
   </datafield>
   <datafield ind2=" " ind1=" " tag="520">
      <subfield code="a">Las particularidades técnicas que plantea la estimación de funciones de supervivencia, especialmente en lo tocante a la presencia de datos censurados, demandan una notable atención, tanto en el ámbito actuarial como en otros relacionados. Las técnicas propuestas por Kaplan y Meier, Nelson y Aalen, o Fleming y Harrington se han convertido en herramientas de uso común en este contexto. &#xd;
Por otra parte, las técnicas no paramétricas de estimación mediante funciones kernel también son ampliamente utilizadas en diversas aplicaciones actuariales, incluyendo la graduación de tablas de mortalidad y supervivencia y la predicción del riesgo de mortalidad. &#xd;
A los instrumentos analíticos anteriores podemos añadir, además, los modelos de riesgos proporcionales y de Cox , que se constituyen en una alternativa muy eficaz a la estratificación de las carteras para estimar las funciones de supervivencia y estudiar características de las poblaciones con posibles efectos sobre el riesgo de mortalidad que evita la fragmentación de la experiencia. &#xd;
El conjunto de casos de estudio que se incluyen en esta obra, relativos a la estimación de funciones supervivencia, se ha elaborado con el objeto de facilitar la formación actuarial mediante un enfoque aplicado que incentive del desarrollo de las competencias profesionales demandadas por el sector.</subfield>
   </datafield>
   <datafield ind1="8" ind2=" " tag="024">
      <subfield code="a">https://hdl.handle.net/10630/25644</subfield>
   </datafield>
   <datafield tag="653" ind2=" " ind1=" ">
      <subfield code="a">Riesgo (Seguros)</subfield>
   </datafield>
   <datafield tag="653" ind2=" " ind1=" ">
      <subfield code="a">Investigación científica -- Finanzas</subfield>
   </datafield>
   <datafield ind2="0" ind1="0" tag="245">
      <subfield code="a">Casos de estudio de estimación de funciones de supervivencia para Ciencias Actuariales</subfield>
   </datafield>
</record>
</metadata></record></GetRecord></OAI-PMH>